[Event "Australian op"]
[Site "Melbourne"]
[Date "2018.12.28"]
[Round "2"]
[White "Dissanayake, PR."]
[Black "Tan, Justin Hy"]
[Result "0-1"]
[WhiteElo "2033"]
[BlackElo "2502"]
[PlyCount "38"]
[EventDate "2018.12.27"]
[EventType "swiss"]
[EventRounds "9"]
[EventCountry "AUS"]
[SourceTitle "CBM 188 Extra"]
[Source "ChessBase"]
[SourceDate "2019.02.26"]
[SourceVersion "1"]
[SourceVersionDate "2019.02.26"]
[SourceQuality "1"]

1. e4 e6 2. d4 d5 3. Nd2 h6 4. Ngf3 Nf6 5. Bd3 c5 6. c3 Nc6 7. 0-0 cxd4 8. cxd4 dxe4 9. Nxe4 Be7 10. Be3 Nd5 11. a3 0-0 12. Ne5 Nxe5 13. dxe5 Nxe3 14. fxe3 Qd5 15. Nf6+ gxf6 16. Qg4+ Kh8 17. exf6 Rg8 18. Be4 Rxg4 19. Bxd5 Bc5 0-1

[Event "Olympiad-36"]
[Site "Mallorca"]
[Date "2004.10.24"]
[Round "9"]
[White "Dissanayake, PR."]
[Black "Santos Flores, Alberto Javier"]
[Result "1/2-1/2"]
[WhiteElo "2112"]
[BlackElo "2326"]
[PlyCount "99"]
[EventDate "2004.10.15"]
[EventType "team-swiss"]
[EventRounds "14"]
[EventCountry "ESP"]
[SourceTitle "CBM 104"]
[Source "ChessBase"]
[SourceDate "2005.01.27"]
[SourceVersion "1"]
[SourceVersionDate "2005.01.27"]
[SourceQuality "1"]
[WhiteTeam "Sri Lanka"]
[BlackTeam "Ecuador"]
[WhiteTeamCountry "SRI"]
[BlackTeamCountry "ECU"]

1. e4 e6 2. d4 d5 3. Nd2 c5 4. exd5 Qxd5 5. Ngf3 cxd4 6. Bc4 Qd6 7. 0-0 Nf6 8. Re1 Nc6 9. Nb3 a6 10. Nbxd4 Nxd4 11. Nxd4 Qc7 12. Qe2 Bd6 13. h3 0-0 14. Bg5 Bh2+ 15. Kh1 Bf4 16. Bxf4 Qxf4 17. Qe3 Qxe3 18. Rxe3 b5 19. Bb3 Bb7 20. c3 Rfd8 21. Ree1 b4 22. f3 bxc3 23. bxc3 Rac8 24. Rac1 Kf8 25. Red1 Ke7 26. Kg1 Nd7 27. Kf2 g6 28. Ne2 Nc5 29. Rxd8 Rxd8 30. Rd1 Rxd1 31. Bxd1 Bd5 32. Nc1 e5 33. Bb3 Kd6 34. Ke3 f5 35. g4 f4+ 36. Ke2 e4 37. fxe4 Bxe4 38. Bc4 Bg2 39. h4 Ne4 40. Nd3 f3+ 41. Ke3 Nxc3 42. Bxa6 Nd5+ 43. Kf2 Nf6 44. g5 Ng4+ 45. Kg3 Ne3 46. Ne1 Nf5+ 47. Kf2 Nxh4 48. Bb7 Nf5 49. Bxf3 Bxf3 50. Nxf3 1/2-1/2

[Event "Olympiad-36"]
[Site "Mallorca"]
[Date "2004.10.18"]
[Round "4"]
[White "Prasad, Calvin"]
[Black "Dissanayake, PR."]
[Result "0-1"]
[WhiteElo "1803"]
[BlackElo "2112"]
[PlyCount "40"]
[EventDate "2004.10.15"]
[EventType "team-swiss"]
[EventRounds "14"]
[EventCountry "ESP"]
[SourceTitle "CBM 104"]
[Source "ChessBase"]
[SourceDate "2005.01.27"]
[SourceVersion "1"]
[SourceVersionDate "2005.01.27"]
[SourceQuality "1"]
[WhiteTeam "Fiji"]
[BlackTeam "Sri Lanka"]
[WhiteTeamCountry "FIJ"]
[BlackTeamCountry "SRI"]

1. d4 Nf6 2. c4 c5 3. Nf3 cxd4 4. Nxd4 Nc6 5. Nc3 e6 6. e3 Be7 7. Bd3 0-0 8. 0-0 Ne5 9. Be2 d5 10. cxd5 exd5 11. b3 a6 12. Bb2 Re8 13. Rc1 Bd6 14. h3 Bb8 15. Ba3 Ne4 16. Qc2 Bxh3 17. Nxe4 dxe4 18. gxh3 Qg5+ 19. Kh1 Nf3 20. Bxf3 Qe5 0-1